000 00451nam a2200181Ia 4500
001 14765
005 20260306164938.0
008 260306t2009||||xx |||||||||||||| ||spa||
041 _aESP
082 _a519.2
_bK73
100 _aKoller, Daphne
_eAUT
245 0 _aProbabilistic graphical models:
_bprinciples and techniques
260 _c2009
300 _a1233 páginas :
_c23 cm.
650 _aGEN
654 _aCMA
942 _cLIB
_dJUS
_fJUS
_2ddc
_n
999 _c14765
_d14765